000 00472nam a2200181Ia 4500
008 140626s9999 xx 000 0 und d
100 _aKimpo, Philip.
245 _aMilitary history :
_b more fun in the Philippines /
_cPhilip Kimpo.
260 _cc2013.
300 _a7 : 2, page 26
440 _aSide Trip
521 _aTOU
650 _aDestinations.
650 _aMilitary history.
650 _aMilitary parks.
650 _aMilitary shrines.
942 _cSE
999 _c121139
_d121139